000 00226nam a22000857a 4500
008 170612b xxu||||| |||| 00| 0 eng d
100 _93357
_aMohan. A
245 _aEdgeways multi skill english - 7
260 _aNew Delhi
_bParchi
_c2010
999 _c6695
_d6695